000 00777nam a22002297a 4500
005 20260320114454.0
010 _aENG-148066
020 _a9789394604995
_c3200.00(Set of 4 Vol)
035 _aEN-131598
037 _bDBAD
082 _a613.7046
_21
100 _aSaraswati, Satyananda
_988670
245 _aYoga Education for Children and Youths/
_cSatyananda Saraswati; Niranjanananda Saraswati [and] Rishi Arundhati
250 _a1
260 _aBihar
_bYoga publication trust ganga darshan
_c2024
270 _aYoga publication trust, ganga darshan
_bMunger
300 _a518p.
_c22cm(pb)
490 _v4
700 _aSaraswati, Niranjanananda
_eAuthor
_988671
700 _aArundhati, Rishi
_eAuthor
_988672
942 _2ddc
_cEN
_h613.7046
_mSAR
_e1
999 _c215680
_d215680